00416nam a22001457a 450000500170000000800410001702000180005804100130007608200120008910000260010124500440012726000470017130000270021865000250024520231204062339.0231204b |||||||| |||| 00| 0 eng d a9780409047295 aEnglish  a349 JOU aJoubert, WAlEnglish  aThe Law of South Africa / cWA Joubert  aDurban : bLexisNexis Butterworths, c2010 b1169 pages ; c26 cm.  aLegal practice bLaw